Rick Ross Charting Songs (Billboard Hot 100) - Statistics

General Stats
  • This quiz has been taken 42 times
    11 since last reset
  • The average score is 33 of 56
Answer Stats
Album Weeks On Peak Artist(s) Song % Correct
Scary Hours 2 EP 5 Weeks #3 Drake ft. Rick Ross Lemon Pepper Freestyle
88%
My Beautiful Dark Twisted Fantasy 10 Weeks #18 Kanye West ft. Jay-Z, Rick Ross, Bon Iver & Nicki Minaj Monster
88%
Rich Forever 2 Weeks #58 Rick Ross ft. Drake & French Montana Stay Schemin'
88%
Victory 24 Weeks #24 DJ Khaled ft. T-Pain, Ludacris, Snoop Dogg & Rick Ross All I Do is Win
75%
Teflon Don 20 Weeks #30 Rick Ross ft. Drake & Chrisette Michele Aston Martin Music
75%
Port of Miami 17 Weeks #54 Rick Ross Hustlin'
75%
We the Best Forever 23 Weeks #10 DJ Khaled ft. Drake, Rick Ross & Lil Wayne I'm On One
75%
Best in the World Pack 23 Weeks #7 Drake ft. Rick Ross Money in the Grave
75%
X 22 Weeks #27 Chris Brown ft. Usher & Rick Ross New Flame
75%
Suicide Squad: The Album 10 Weeks #33 Skrillex & Rick Ross Purple Lamborghini
75%
Mastermind 1 Week #86 Rick Ross ft. Jay-Z The Devil is a Lie
75%
Certified Lover Boy 2 Weeks #25 Drake ft. Lil Wayne & Rick Ross You Only Live Twice
75%
Ashes to Ashes 2 Weeks #61 Rick Ross ft. Lil Wayne or T.I. 9 Piece
63%
Ambition 1 Week #81 Wale ft. Meek Mill & Rick Ross Ambition
63%
Teflon Don 16 Weeks #60 Rick Ross ft. Styles P B.M.F. (Blowin' Money Fast)
63%
Trials & Tribulations 20 Weeks #33 Ace Hood ft. Future & Rick Ross Bugatti
63%
God Forgives, I Don't 16 Weeks #71 Rick Ross ft. Wale & Drake Diced Pineapples
63%
Major Key 20 Weeks #27 DJ Khaled ft. Nicki Minaj, Chris Brown, August Alsina, Jeremih, Future & Rick Ross Do You Mind
63%
Magna Carta... Holy Grail 9 Weeks #64 Jay-Z ft. Rick Ross Fuckwithmeyouknowigotit
63%
God Did 3 Weeks #17 DJ Khaled ft. Lil Wayne, John Legend, Rick Ross, Jay-Z & Fridayy God Did
63%
Port of Miami 2 3 Weeks #39 Rick Ross ft. Drake Gold Roses
63%
We the Best 20 Weeks #19 DJ Khaled ft. T-Pain, Trick Daddy, Rick Ross & Plies I'm So Hood
63%
Tha Carter IV 20 Weeks #22 Lil Wayne ft. Rick Ross John
63%
Looking 4 Myself 20 Weeks #46 Usher ft. Rick Ross Lemme See
63%
Deeper Than Rap 11 Weeks #62 Rick Ross ft. John Legend Magnificent
63%
Deeper Than Rap 1 Week #92 Rick Ross ft. Kanye West, T-Pain & Lil Wayne Maybach Music 2
63%
Suffering From Success 19 Weeks #37 DJ Khaled ft. Drake, Rick Ross & Lil Wayne No New Friends
63%
We Global 15 Weeks #38 DJ Khaled ft. Akon, Plies, Young Jeezy, Rick Ross, Trick Daddy & Lil Boosie Out Here Grindin'
63%
Excuse My French 22 Weeks #36 French Montana ft. Rick Ross, Drake & Lil Wayne Pop That
63%
Non-Album Single 1 Week #89 T-Pain ft. Rick Ross Rap Song
63%
Mastermind 1 Week #78 Rick Ross ft. Kanye West & Big Sean Sanctified
63%
Trilla 20 Weeks #17 Rick Ross ft. T-Pain The Boss
63%
Seeing is Believing 20 Weeks #20 Rocko ft. Future & Rick Ross U.O.E.N.O.
63%
We the Best Forever 7 Weeks #79 DJ Khaled ft. Rick Ross, Plies, Lil Wayne & T-Pain Welcome To My Hood
63%
We the Best 17 Weeks #28 DJ Khaled ft. T.I., Akon, Rick Ross, Fat Joe, Lil Wayne & Baby We Takin' Over
63%
Championships 2 Weeks #20 Meek Mill ft. Rick Ross & Jay-Z What's Free
63%
Self Made Vol. 2 13 Weeks #64 Wale ft. Rick Ross, Meek Mill & T-Pain Bag of Money
50%
Hotel California 10 Weeks #68 Tyga ft. Rick Ross Dope
50%
WE DON'T TRUST YOU 2 Weeks #38 Future, Metro Boomin' & Rick Ross Everyday Hustle
50%
Listennn... the Album 4 Weeks #59 DJ Khaled ft. Lil Wayne, Paul Wall, Fat Joe, Rick Ross & Pitbull Holla at Me
50%
Non-Album Single 2 Weeks #51 Meek Mill ft. T.I., Birdman, Lil Wayne, DJ Khaled, Rick Ross & Swizz Beatz Ima Boss
50%
Kiss the Ring 2 Weeks #78 DJ Khaled ft. Kanye West & Rick Ross I Wish You Would
50%
Port of Miami 14 Weeks #57 Rick Ross Push It
50%
Non-Album Single 1 Week #83 Rick Ross & Meek Mill Shaq & Kobe
50%
Black Market 1 Week #97 Rick Ross ft. Chris Brown Sorry
50%
Teflon Don 1 Week #100 Rick Ross ft. Ne-Yo Super High
50%
Kiss the Ring 20 Weeks #58 DJ Khaled ft. Chris Brown, Rick Ross, Nicki Minaj & Lil Wayne Take It to the Head
50%
Think Like a Man OST 2 Weeks #90 Jennifer Hudson & Ne-Yo ft. Rick Ross Think Like a Man
50%
Rather You Than Me 1 Week #97 Rick Ross ft. Young Thug & Wale Trap Trap Trap
50%
In the City 9 Weeks #58 Kevin Rudolf ft. Rick Ross Welcome to the World
50%
Non-Album Single 17 Weeks #62 Rick Ross ft. Nicki Minaj You the Boss
50%
I'm The Problem 10 Weeks #21 Morgan Wallen, Lil Wayne & Rick Ross Miami
38%
Grateful 1 Week #88 DJ Khaled ft. Travi$ Scott, Rick Ross & Big Sean On Everything
38%
Trilla 14 Weeks #41 Rick Ross ft. Nelly & Avery Storm Here I Am
25%
Faith 1 Week #82 Pop Smoke ft. Rick Ross & The-Dream Manslaughter
25%
Self Made Vol. 1 18 Weeks #49 Wale ft. Jeremih & Rick Ross That Way
25%
No matching quizzes found
Score Distribution
Percent of People with Each Score
Percentile by Number Answered
Your Score History
You have not taken this quiz since the last reset